A la nobleza cristiana de la nación alemana, sobre el mejoramiento del estado de los cristianos / (Record no. 33768)

MARC details
000 -CABECERA
campo de control de longitud fija 00705nam a2200205 a 4500
005 - FECHA Y HORA DE LA ÚLTIMA TRANSACCIÓN
campo de control 20210223122335.0
008 - ELEMENTOS DE LONGITUD FIJA--INFORMACIÓN GENERAL
campo de control de longitud fija 991125s1977 mx 000 0 spa u
035 ## - NÚMERO DE CONTROL DEL SISTEMA
Número de control de sistema UPN01000033768
049 ## - COLECCIÓN
Colección CG
050 #4 - SIGNATURA TOPOGRÁFICA DE LA BIBLIOTECA DEL CONGRESO
Número de clasificación BX8070 L5
Número de documento/Ítem L8.28
100 1# - ASIENTO PRINCIPAL--NOMBRE PERSONAL
Nombre de persona Lutero, Martín,
Fechas asociadas al nombre 1483-1546
245 12 - MENCIÓN DE TÍTULO
Título A la nobleza cristiana de la nación alemana, sobre el mejoramiento del estado de los cristianos /
Mención de responsabilidad, etc. Martín Lutero ; tr. Marianne O. de Bopp.
260 ## - PUBLICACIÓN, DISTRIBUCIÓN, ETC.
Lugar de publicación, distribución, etc. México :
Nombre del editor, distribuidor, etc. UNAM,
Fecha de publicación, distribución, etc. 1977.
300 ## - DESCRIPCIÓN FÍSICA
Extensión 138 p.
440 #0 - MENCIÓN DE SERIE/ASIENTO SECUNDARIO--TÍTULO
Título Opúsculos ;
Designación de volumen o secuencia 89.
Nombre de parte o sección de la obra Fuentes y documentos
650 #4 - ASIENTO SECUNDARIO DE MATERIA - TERMINO TEMATICO
Término de materia o nombre geográfico como elemento de entrada CRISTIANISMO -
Subdivisión general LITERATURA DE CONTROVERSIA
9 (RLIN) 11501
650 #4 - ASIENTO SECUNDARIO DE MATERIA - TERMINO TEMATICO
Término de materia o nombre geográfico como elemento de entrada IGLESIA LUTERANA
651 #4 - ASIENTO SECUNDARIO DE MATERIA - NOMBRE GEOGRAFICO
Nombre geográfico ALEMANIA -
Subdivisión general RELIGION
9 (RLIN) 1794
905 ## - TIPO DE MATERIAL
Tipo de material Libro
Holdings
Estado de retiro Estado de pérdida Fuente del sistema de clasificación o colocación Estado dañado No para préstamo Código de colección Localización permanente Ubicación/localización actual Ubicación en estantería Total de préstamos Clasificación Código de barras Fecha visto por última vez Número de copia Tipo de ítem Koha
    Library of Congress Classification     Colección General Bib. Gregorio Torres Quintero Bib. Gregorio Torres Quintero Planta baja 12 BX8070 L5 L8.28 36436 31/12/2020 1 Libro